000 00313nam a22001337a 4500
008 180115b xxu||||| |||| 00| 0 eng d
020 _a0710005881
041 _aeng
080 _a101
100 _a24
101 _aFIL
245 _aThe Metaphysical Foundations of Modern Science
_cBurtt, E.A
942 _2udc
_cBK
999 _c40302
_d40302